Fundamentos esenciales de mercadotecnia
Збережено в:
| Автори: | , |
|---|---|
| Формат: | Книга |
| Мова: | Іспанська |
| Опубліковано: |
Ciudad de México
Herrero Hermanos
1975
|
| Предмети: | |
| Теги: |
Додати тег
Немає тегів, Будьте першим, хто поставить тег для цього запису!
|
MARC
| LEADER | 00000nam a2200000 a 4500 | ||
|---|---|---|---|
| 001 | UCQ1192 | ||
| 003 | CL-VaPUC | ||
| 008 | 980709e19750600MX |||||||||||||||||spa|d | ||
| 082 | 0 | 4 | |a 658.8 |b STI |2 21 |
| 100 | 0 | |a Still, Richard R |e author |9 414864 | |
| 700 | 0 | |a Cundiff, Edward W |e author |9 414865 | |
| 245 | 1 | 0 | |a Fundamentos esenciales de mercadotecnia |
| 300 | |a 244 p | ||
| 942 | |c BK | ||
| 945 | |d 19980709 00:00:00 |a cmena | ||
| 260 | |a Ciudad de México |b Herrero Hermanos |c 1975 | ||
| 650 | 0 | |a Marketing |9 259324 | |
| 650 | 0 | |a Comercialización |9 259326 | |
| 650 | 0 | |a Consumidores |9 315658 | |
| 650 | 0 | |a Gestión de la producción |9 259467 | |
| 650 | 0 | |a Investigación de mercado |9 332310 | |
| 650 | 7 | |a DISTRIBUCION |2 CL-VaPUC |9 263761 | |
| 583 | |a last modification |c 19980709 00:00:00 |k Rodrigo Vera | ||
| 999 | |c 272196 |d 272194 | ||
| 952 | |0 0 |1 0 |4 0 |6 658_800000000000000_STI_1975 |7 0 |8 A |9 307078 |a BIBGIM |b BIBGIM |d 2019-11-20 |i 1437216 |o 658.8 STI 1975 |p 1437216 |r 2025-01-15 |w 2019-11-20 |y BK |k COM | ||